000 00593nam a2200229Ia 4500
003 OSt
005 20220928102116.0
006 a|||||r|||| 00| 0
007 ta
008 220927b |||||||| |||| 00| 0 eng d
024 _a42412
037 _cTextual
040 _aSDCL
_cSDCL
_beng
041 _2eng
_aeng
082 _aXM5.1'N7g, L9
100 _aAllen Margaret Ed.
_9396649
245 0 _aTimes 1000 1979-80
260 _aLondon
_bTimes Books
_c1979
300 _a143p
_ccm.
942 _hXM5.1'N7g, L9
_cTEXL
_2CC
999 _c712397
_d712397